Chuyển đến nội dung

Международное сотрудничество в сфере таможенного дела учебное пособие

В учебном пособии изложены основные теоретические и правовые основы развития международного сотрудничества в сфере таможенного дела. Рассмотрены важные аспекты и направления развития таможенного сотрудничества в рамках функционирования международных институтов и организаций, а также объединений стра...

Mô tả đầy đủ

Đã lưu trong:
Chi tiết về thư mục
Tác giả chính: Козунова О. М.
Định dạng: Книга
Ngôn ngữ:Russian
Được phát hành: Москва МУИВ 2023
Những chủ đề:
Truy cập trực tuyến:https://e.lanbook.com/book/433721
https://e.lanbook.com/img/cover/book/433721.jpg
Các nhãn: Thêm thẻ
Không có thẻ, Là người đầu tiên thẻ bản ghi này!
LEADER 03011nam0a2200385 i 4500
001 433721
003 RuSpLAN
005 20250516154010.0
008 250516s2023 ru gs 000 0 rus
020 |a 978-5-9580-0675-5 
040 |a RuSpLAN 
041 0 |a rus 
044 |a ru 
080 |a 339.5(075.8) 
084 |a 65.5я73  |2 rubbk 
245 0 0 |a Международное сотрудничество в сфере таможенного дела  |b учебное пособие  |c Козунова О. М. 
260 |a Москва  |b МУИВ  |c 2023 
300 |a 121 с. 
504 |a Библиогр.: доступна в карточке книги, на сайте ЭБС Лань 
520 8 |a В учебном пособии изложены основные теоретические и правовые основы развития международного сотрудничества в сфере таможенного дела. Рассмотрены важные аспекты и направления развития таможенного сотрудничества в рамках функционирования международных институтов и организаций, а также объединений стран, двустороннего межгосударственного взаимодействия. Проведен анализ современных подходов к интеграционным процессам в области таможенной и экономической политики. Издание предназначено для студентов, аспирантов, научных и педагогических работников высших учебных заведений, а также для специалистов в области государственного и регионального управления, государственного планирования и прогнозирования и всех интересующихся вопросами таможенного дела. 
521 8 |a Книга из коллекции МУИВ - Экономика и менеджмент 
521 8 |a СЭБ 
653 0 |a международное сотрудничество 
653 0 |a таможенное дело 
653 0 |a правовое регулирование 
653 0 |a международное таможенное право 
653 0 |a интеграция государств 
653 0 |a евразийский экономический союз 
653 0 |a единая база еаэс 
653 0 |a экономическая безопасность 
653 0 |a внешнеэкономическая политика 
100 1 |a Козунова О. М. 
856 4 |u https://e.lanbook.com/book/433721 
856 4 8 |u https://e.lanbook.com/img/cover/book/433721.jpg 
953 |a https://e.lanbook.com/img/cover/book/433721.jpg